000 00305nam a2200121Ia 4500
008 240731s9999 xx 000 0 und d
022 _a1545-0821
245 0 _aJournal of Aging & Social Policy
260 _bRoutledge
856 _uhttps://www.tandfonline.com/loi/wasp20
942 _2ddc
942 _cTFEJ
999 _c77417
_d77417
945 _a1
_bMadushi Gamage
_c1
_dMadushi Gamage